书目信息 |
| 题名: |
訄书原刻手写底本
|
|
| 作者: | 章炳麟 撰 | |
| 分册: | ||
| 出版信息: | 上海 上海古籍出版社 1985.07 |
|
| 页数: | 228页 | |
| 开本: | 29*18cm | |
| 丛书名: | ||
| 单 册: | ||
| 中图分类: | B259.2 | |
| 科图分类: | ||
| 主题词: | 近代哲学--中国 , 个人-道德修养 | |
| 电子资源: | ||
| ISBN: | ||
| 000 | 00681nam0 2200229 450 | |
| 001 | 0631716907 | |
| 005 | 20061019085652.07 | |
| 010 | @b线装@dCNY12.00(函) | |
| 100 | @a20061019d1985 km y0chiy0120 ea | |
| 101 | 0 | @achi |
| 102 | @aCN@b310000 | |
| 200 | 1 | @a訄书原刻手写底本@Aqiu shu yuan ke shou xie di ben@f(清)章炳麟撰@F(qing)zhang bing lin zhuan |
| 205 | @b影印本 | |
| 210 | @a上海@b上海市瑞金二路二七二号@c上海古籍出版社@d1985.07 | |
| 215 | @a228页@d29*18cm | |
| 305 | @a据潘景郑先生藏本影印 | |
| 606 | 0 | @a近代哲学@x中国 |
| 606 | 0 | @a个人-道德修养 |
| 690 | @aB259.2@v3 | |
| 701 | 0 | @a章炳麟@Azhang bing lin@4撰 |
| 801 | 0 | @aCN@bPFT@c20061019 |
| 905 | @a10447@dB259.2@e18 | |
| 訄书原刻手写底本/(清)章炳麟撰.-影印本.-上海(上海市瑞金二路二七二号):上海古籍出版社,1985.07 |
| 228页;29*18cm |
| ISBN (线装):CNY12.00(函) |
| ● |
| 相关链接 |
|
|
|
|
正题名:訄书原刻手写底本
索取号:B259.2/18
 
预约/预借
| 序号 | 登录号 | 条形码 | 馆藏地/架位号 | 状态 | 备注 |
| 1 | 0265569 | 202406039 | 古籍典藏专区/ [索取号:B259.2/18] | 在馆 |